| 000 | 00639nam a2200241Ia 4500 | ||
|---|---|---|---|
| 003 | OSt | ||
| 005 | 20220928113639.0 | ||
| 006 | a|||||r|||| 00| 0 | ||
| 007 | ta | ||
| 008 | 220927b |||||||| |||| 00| 0 eng d | ||
| 024 | _a69756 | ||
| 037 | _cTextual | ||
| 040 |
_aSDCL _cSDCL _beng |
||
| 041 |
_2eng _aeng |
||
| 082 | _aY:1.1'P, P5 | ||
| 100 |
_aDuring Simon _9434180 |
||
| 245 | 0 |
_aCultural studies _b A critical intoduction. |
|
| 260 |
_aLondon _bRoutledge _c2005 |
||
| 300 |
_avii,244p _ccm. |
||
| 650 |
_aIndia-Culture _9434181 |
||
| 942 |
_hY:1.1'P, P5 _cTEXL _2CC |
||
| 999 |
_c750554 _d750554 |
||